Central Library OPAC University of Rajshahi
Normal view MARC view

Entry Personal Name

Number of records used in: 3

001 - CONTROL NUMBER

  • control field: 10592

003 - CONTROL NUMBER IDENTIFIER

  • control field: BD-RjUL

005 - DATE AND TIME OF LATEST TRANSACTION

  • control field: 20231218174543.0

008 - FIXED-LENGTH DATA ELEMENTS

  • fixed length control field: 231218|| aca||aabn | a|a d

040 ## - CATALOGING SOURCE

  • Original cataloging agency: BD-RjUL
  • Transcribing agency: BD-RjUL

100 ## - HEADING--PERSONAL NAME

  • Personal name: Chowdhury, A K M Rownak Hossain, Co-Supervisor

670 ## - SOURCE DATA FOUND

  • Source citation: Work cat.: (BD-RjUL)82493: BHOWMIK, UTTOM KUMAR 10590, Changing Trends of Ciprofloxacin Susceptibility Patterns of Neisseria Gonorrhoeae in Bangladesh and the Emergence of Cefixime Less Susceptible Strains /, 2017